00590nam a2200169Ia 450000500170000000800410001702000150005808200130007310000190008624500150010526000460012030000170016650001180018394200060030195200980030799900150040520241204001248.0240331s9999 xx 000 0 und d a0195603826 bKARa891 aKarnad, Girish 0aHayavadana a New DelhibOxford University Pressc1975 aVii, 71 p ., aHayavadana was first presented in English by the Madras players at the Museum Theatre, Madras on 7 December 1972. cL 001040708LaWERCLbWERCLcSSCd2024-03-31l0o 891.48 KARp6836r2024-03-31w2024-03-31yL c5850d5850